| 000 | 01266nam a2200313Ia 4500 | ||
|---|---|---|---|
| 001 | ebr10505609 | ||
| 003 | CaPaEBR | ||
| 006 | m u | ||
| 007 | cr cn||||||||| | ||
| 008 | 071022s2007 ne a sb 001 0 eng d | ||
| 020 | _z9062992110 | ||
| 020 | _z9789062992119 | ||
| 020 | _z9789062998418 | ||
| 040 |
_aCaPaEBR _cCaPaEBR |
||
| 035 | _a(OCoLC)763161109 | ||
| 050 | 1 | 4 |
_aRE871 _b.K48 2007eb |
| 100 | 1 | _aKessing, Svend Vedel. | |
| 245 | 1 | 0 |
_aPrimary angle-closure and angle-closure glaucoma _h[electronic resource] / _cby Svend Vedel Kessing and John Thygesen. |
| 260 |
_aHague, Netherlands : _bKugler ; _aGilsum, NH : _bPathway Book Service, [distributor for US and Canada], _cc2007. |
||
| 300 |
_aviii, 115 p. : _bill. |
||
| 504 | _aIncludes bibliographical references and index. | ||
| 533 |
_aElectronic reproduction. _bPalo Alto, Calif. : _cebrary, _d2011. _nAvailable via World Wide Web. _nAccess may be limited to ebrary affiliated libraries. |
||
| 650 | 0 | _aAngle-closure glaucoma. | |
| 650 | 0 | _aGlaucoma. | |
| 655 | 7 |
_aElectronic books. _2local |
|
| 700 | 1 | _aThygesen, John. | |
| 710 | 2 | _aebrary, Inc. | |
| 856 | 4 | 0 |
_uhttp://site.ebrary.com/lib/rucke/Doc?id=10505609 _zAn electronic book accessible through the World Wide Web; click to view |
| 999 |
_c113803 _d113803 |
||